International costs (Record no. 74306)

MARC details
000 -LEADER
fixed length control field 00996cab a2200229 4500
001 - CONTROL NUMBER
control field ABS67577
008 - FIXED-LENGTH DATA ELEMENTS--GENERAL INFORMATION
fixed length control field 040326n2004 000 0 eng u
035 ## - SYSTEM CONTROL NUMBER
System control number (Sirsi) u125599
245 ## - TITLE STATEMENT
Title International costs
260 ## - PUBLICATION, DISTRIBUTION, ETC.
Date of publication, distribution, etc. 2004
490 ## - SERIES STATEMENT
Series statement Building
Volume/sequential designation 269(8233) 12 March 2004, 64-69(6)
520 ## - SUMMARY, ETC.
Summary, etc. Examines the 12th annual Gardiner and Theobald "International construction cost survey". Reports that construction inflation for 2003 is 3.3% for 20 nations in Europe, Asia and the Middle East. This is up 0.1% from last year's average but down on 2001's figure of 3.7%. Includes statistics on labour rates, inflation rates and forecasts and building costs for offices industrial, residential and retail.
590 ## - LOCAL NOTE (RLIN)
Local note ABS
650 ## - SUBJECT ADDED ENTRY--TOPICAL TERM
Topical term or geographic name entry element GARDINER AND THEOBALD INTERNATIONAL CONSTRUCTION COST SURVEY
650 ## - SUBJECT ADDED ENTRY--TOPICAL TERM
Topical term or geographic name entry element GLOBAL CONSTRUCTION
650 ## - SUBJECT ADDED ENTRY--TOPICAL TERM
Topical term or geographic name entry element EUROPE
650 ## - SUBJECT ADDED ENTRY--TOPICAL TERM
Topical term or geographic name entry element ASIA
650 ## - SUBJECT ADDED ENTRY--TOPICAL TERM
Topical term or geographic name entry element MIDDLE EAST
650 ## - SUBJECT ADDED ENTRY--TOPICAL TERM
Topical term or geographic name entry element INFLATION
690 ## - LOCAL SUBJECT ADDED ENTRY--TOPICAL TERM (OCLC, RLIN)
Topical term or geographic name as entry element BUILT ENVIRONMENT-BUILDING COSTS
942 ## - ADDED ENTRY ELEMENTS (KOHA)
Suppress in OPAC 0
Holdings
Withdrawn status Lost status Source of classification or shelving scheme Damaged status Not for loan Home library Current library Shelving location Date acquired Total Checkouts Full call number Barcode Date last seen Copy number Price effective from Koha item type
    Dewey Decimal Classification     London London Journal article 26/03/2004   ABS67577 125599-1001 06/08/2019 1 06/08/2019 Journal article